000 00578nam a22001817a 4500
005 20251108172934.0
008 250721s2005 xx 000 0 ara d
082 1 4 _a547/مزا
100 1 _aمزاهرة، أيمن
_eمؤلف
245 1 0 _aأساسيات الكيمياء العضوية و تطبيقاتها /
264 1 _aعمان :
_bدار المناهج للنشر و التوزيع،
_c2005.
300 _a264 ص.
650 1 7 _aالكيمياء العضوية
650 1 7 _aالمبادئ
700 1 _aحموده، فدوى
942 _2ddc
_cBK
999 _c92327
_d92327